000 00737cam a2200241 a 4500
001 000014873
005 20240604194808.0
008 830909s1968 sp 001 0 spa d
040 _aDO-SdBNP
_cCarP
_dDLC
082 _a300
_bA973i, 1968
100 1 _aAyala, Francisco,
_d1906-2009.
_94726
245 1 0 _aIntroducción a las ciencias sociales /
_cFrancisco Ayala.
250 _a7a ed.
260 _aMadrid :
_bAguilar,
_c1968.
300 _a310 p. ;
_c22 cm.
490 1 _aBiblioteca de ciencias sociales
_v2
490 1 _aSociología
650 0 _aCiencias sociales
_91065
650 0 _aSociología
_91061
830 0 _aBiblioteca de ciencias sociales ;
_psociología
_v2
_95040
910 _aCatalogación derivada
049 _aBNGR
999 _c14453
_d14453